[Event "Africa-chT rapid"]
[Site "Casablanca"]
[Date "2019.08.24"]
[Round "1.4"]
[White "Nkhoma, Desiderata"]
[Black "Ogbiyoyo, Perpetual Eloho"]
[Result "0-1"]
[WhiteElo "1481"]
[BlackElo "1831"]
[PlyCount "65"]
[EventDate "2019.08.24"]
[EventType "team-swiss (rapid)"]
[EventRounds "9"]
[EventCountry "MAR"]
[SourceTitle "EXT 2020"]
[Source "ChessBase"]
[SourceDate "2019.10.17"]
[SourceVersion "1"]
[SourceVersionDate "2019.10.17"]
[SourceQuality "1"]
[WhiteTeam "Malawi"]
[BlackTeam "Nigeria"]
[WhiteTeamCountry "MWI"]
[BlackTeamCountry "NGR"]

1. e4 e5 2. Nf3 Nc6 3. Bc4 Bc5 4. 0-0 Nf6 5. Nc3 0-0 6. d3 h6 7. Ne2 d6 8. Ng3 Be6 9. Bb3 Nh7 10. c3 Bxb3 11. axb3 Ne7 12. d4 exd4 13. cxd4 Bb6 14. Be3 Ng6 15. Qd3 Re8 16. Qc4 c6 17. h3 d5 18. exd5 cxd5 19. Qd3 Rc8 20. Rac1 Qf6 21. Nh5 Qe6 22. Bf4 Nf6 23. Rfe1 Rxc1 24. Nxf6+ Qxf6 25. Bxc1 Rxe1+ 26. Nxe1 Qxd4 27. Qc2 Qe5 28. Nf3 Qe4 29. Qc8+ Kh7 30. Qxb7 Qe2 31. Qxd5 Qxf2+ 32. Kh1 Qf1+ 33. Kh2 0-1

[Event "Africa-chT rapid"]
[Site "Casablanca"]
[Date "2019.08.24"]
[Round "2.5"]
[White "Ogbiyoyo, Perpetual Eloho"]
[Black "Francis, Onkemetse"]
[Result "0-1"]
[WhiteElo "1831"]
[BlackElo "1792"]
[PlyCount "132"]
[EventDate "2019.08.24"]
[EventType "team-swiss (rapid)"]
[EventRounds "9"]
[EventCountry "MAR"]
[SourceTitle "EXT 2020"]
[Source "ChessBase"]
[SourceDate "2019.10.17"]
[SourceVersion "1"]
[SourceVersionDate "2019.10.17"]
[SourceQuality "1"]
[WhiteTeam "Nigeria"]
[BlackTeam "Botswana"]
[WhiteTeamCountry "NGR"]
[BlackTeamCountry "BOT"]

1. e4 e5 2. Nf3 Nc6 3. Bb5 a6 4. Ba4 Nf6 5. d3 b5 6. Bb3 Bc5 7. 0-0 d6 8. h3 Na5 9. Bg5 Nxb3 10. axb3 h6 11. Bh4 Be6 12. c3 Bb6 13. Re1 0-0 14. d4 exd4 15. cxd4 Qc8 16. Bxf6 gxf6 17. Nc3 Kg7 18. d5 Bd7 19. Nh4 Rg8 20. Qh5 Qf8 21. Nd1 Kh7 22. Kh2 Qg7 23. Ne3 Qg5 24. Qxg5 fxg5 25. Nhf5 Bxf5 26. exf5 Kg7 27. g4 a5 28. Kg2 Rge8 29. Nc2 Kf6 30. Na3 b4 31. Nc4 Rxe1 32. Rxe1 Rc8 33. Kg3 Ra8 34. f4 Bd4 35. Kf3 a4 36. Rd1 Bc5 37. Ra1 a3 38. bxa3 bxa3 39. Ra2 Rb8 40. Nd2 Rb4 41. fxg5+ hxg5 42. Ne4+ Kg7 43. Nxc5 dxc5 44. Rxa3 Rd4 45. Ra7 Rxd5 46. Rxc7 Rd3+ 47. Ke4 Rxh3 48. Rxc5 Rxb3 49. Rc4 Kf6 50. Rc6+ Kg7 51. Rc4 Rb5 52. Rd4 Rb3 53. Ke5 Rb5+ 54. Kd6 Kf6 55. Kc6 Re5 56. Rd6+ Kg7 57. Rd4 Re3 58. Kd6 Kf6 59. Kd7 Rf3 60. Re4 Rf4 61. Re8 Rxg4 62. Kd6 Kxf5 63. Rf8 f6 64. Ke7 Re4+ 65. Kd6 g4 66. Kd5 Re5+ 0-1

[Event "Olympiad Women-43"]
[Site "Batumi"]
[Date "2018.10.04"]
[Round "10.4"]
[White "Ogbiyoyo, Perpetual Eloho"]
[Black "Ampaire, Shakira"]
[Result "1-0"]
[WhiteElo "1830"]
[BlackElo "1512"]
[PlyCount "95"]
[EventDate "2018.09.24"]
[EventType "team-swiss"]
[EventRounds "11"]
[EventCountry "GEO"]
[SourceTitle "EXT 2020"]
[Source "ChessBase"]
[SourceDate "2019.10.17"]
[SourceVersion "1"]
[SourceVersionDate "2019.10.17"]
[SourceQuality "1"]
[WhiteTeam "Nigeria (W)"]
[BlackTeam "Uganda (W)"]
[WhiteTeamCountry "NGR"]
[BlackTeamCountry "UGA"]

1. e4 c5 2. Nc3 Nc6 3. f4 e6 4. Nf3 Nge7 5. Bb5 a6 6. Bxc6 Nxc6 7. 0-0 Be7 8. d3 0-0 9. Qe1 d5 10. e5 b5 11. Bd2 Qb6 12. Kh1 g6 13. Qg3 Nb4 14. Rac1 d4 15. Ne4 Nxa2 16. Ra1 Nb4 17. Bxb4 cxb4 18. Nf6+ Bxf6 19. exf6 h6 20. Qh4 Qd8 21. Ne5 Bb7 22. Ng4 h5 23. Ne5 Kh7 24. Qg5 Rc8 25. Rac1 Rc7 26. f5 exf5 27. Rxf5 Qd5 28. Rg1 Rxc2 29. Nxg6 Qxg2+ 30. Rxg2 Bxg2+ 31. Kg1 fxg6 32. Re5 Rf7 33. Re7 Rxe7 34. fxe7 Bc6 35. Qf6 Be8 36. Qxd4 Kg8 37. Qd5+ Kg7 38. Qe5+ Kf7 39. d4 Rxb2 40. d5 Rd2 41. Qf4+ Kxe7 42. Qxd2 a5 43. d6+ Kd7 44. Kf2 g5 45. Kf3 Kc6 46. Ke4 Kd7 47. Ke5 g4 48. Qc2 1-0

[Event "Olympiad Women-43"]
[Site "Batumi"]
[Date "2018.09.27"]
[Round "4.50"]
[White "Ogbiyoyo, Perpetual Eloho"]
[Black "Williams, Margoe"]
[Result "0-1"]
[WhiteElo "1830"]
[BlackElo "1617"]
[PlyCount "114"]
[EventDate "2018.09.24"]
[EventType "team-swiss"]
[EventRounds "11"]
[EventCountry "GEO"]
[SourceTitle "EXT 2020"]
[Source "ChessBase"]
[SourceDate "2019.10.17"]
[SourceVersion "1"]
[SourceVersionDate "2019.10.17"]
[SourceQuality "1"]
[WhiteTeam "Nigeria (W)"]
[BlackTeam "Jamaica (W)"]
[WhiteTeamCountry "NGR"]
[BlackTeamCountry "JAM"]

1. e4 c5 2. Nc3 e6 3. f4 Nc6 4. Nf3 Qc7 5. d3 a6 6. g3 d6 7. Bg2 Be7 8. a4 Nf6 9. 0-0 Bd7 10. Ne2 0-0 11. Kh1 b5 12. axb5 axb5 13. Rxa8 Rxa8 14. c3 Ra2 15. Qb3 Qa5 16. Qd1 Qa7 17. Neg1 Ra1 18. Ng5 h6 19. N5h3 b4 20. Qf3 bxc3 21. bxc3 Qa2 22. Ne2 Qc2 23. g4 Ra2 24. Nhg1 e5 25. f5 Nh7 26. Qg3 Bg5 27. h4 Bxc1 28. Rxc1 Qd2 29. Rb1 Rb2 30. Rxb2 Qxb2 31. g5 hxg5 32. hxg5 Qd2 33. g6 fxg6 34. Qxg6 Qxd3 35. Ng3 Nf6 36. Nh5 Nxh5 37. Qxh5 Qxc3 38. Nf3 Qc1+ 39. Kh2 Qh6 40. Qxh6 gxh6 41. Nd2 Na5 42. Bf1 Kg7 43. Kg3 Kf6 44. Kh4 Be8 45. Bd3 Bf7 46. Nf3 Nb3 47. Ng1 Nd4 48. Ne2 Nxe2 49. Bxe2 c4 50. Kg3 Kg5 51. Kf3 Bh5+ 52. Ke3 Bxe2 53. Kxe2 h5 54. Kd2 h4 55. Kc3 h3 56. Kxc4 h2 57. Kd5 h1Q 0-1

[Event "Olympiad Women-43"]
[Site "Batumi"]
[Date "2018.09.26"]
[Round "3.47"]
[White "Ogbiyoyo, Perpetual Eloho"]
[Black "Manar, Khalil"]
[Result "1-0"]
[WhiteElo "1830"]
[BlackElo "1797"]
[PlyCount "53"]
[EventDate "2018.09.24"]
[EventType "team-swiss"]
[EventRounds "11"]
[EventCountry "GEO"]
[SourceTitle "EXT 2020"]
[Source "ChessBase"]
[SourceDate "2019.10.17"]
[SourceVersion "1"]
[SourceVersionDate "2019.10.17"]
[SourceQuality "1"]
[WhiteTeam "Nigeria (W)"]
[BlackTeam "Syria (W)"]
[WhiteTeamCountry "NGR"]
[BlackTeamCountry "SYR"]

1. e4 c5 2. Nc3 e6 3. f4 Nc6 4. Nf3 d6 5. Bb5 Nf6 6. Bxc6+ bxc6 7. 0-0 d5 8. e5 Nd7 9. d3 Be7 10. Ne2 Ba6 11. Qe1 0-0 12. Kh1 c4 13. d4 c5 14. c3 cxd4 15. Nexd4 Bb7 16. Qg3 Kh8 17. f5 Nc5 18. Be3 Qd7 19. Qh3 exf5 20. Nxf5 Ne4 21. Bd4 f6 22. Nxe7 Qxe7 23. exf6 Nxf6 24. Ng5 h6 25. Rae1 Ne4 26. Qxh6+ Kg8 27. Qh7# 1-0